<?xml version="1.0" encoding="utf-8"?>
<?xml-stylesheet type='text/xsl' href='./oai2.xsl'?>
<OAI-PMH xmlns="http://www.openarchives.org/OAI/2.0/" xmlns:xsi="http://www.w3.org/2001/XMLSchema-instance" xsi:schemaLocation="http://www.openarchives.org/OAI/2.0/ http://www.openarchives.org/OAI/2.0/OAI-PMH.xsd">
  <responseDate>2026-05-15T19:26:26Z</responseDate>
  <request verb="GetRecord" metadataPrefix="marcxml" identifier="record_kuniweb_171212">https://kulturerbe.niedersachsen.de/oai</request>
  <GetRecord>
    <record>
      <header>
        <identifier>record_kuniweb_171212</identifier>
        <datestamp>2024-04-10T10:39:58Z</datestamp>
        <setSpec>slg0221</setSpec>
      </header>
      <metadata>
        <marc:record xmlns:marc="http://www.loc.gov/MARC21/slim" xsi:schemaLocation="http://www.loc.gov/MARC21/slim http://www.loc.gov/standards/marcxml/schema/MARC21slim.xsd">
          <marc:leader>12345nrm  22     uu 4500</marc:leader>
          <marc:controlfield tag="001">171212</marc:controlfield>
          <marc:controlfield tag="003">http://kuniweb.gbv.de</marc:controlfield>
          <marc:controlfield tag="005">2019-05-15T13:03:01</marc:controlfield>
          <marc:controlfield tag="008">|           ||||||||||||||||||||||</marc:controlfield>
          <marc:datafield tag="245" ind1="1" ind2="0">
            <marc:subfield code="a">Tafelklavier</marc:subfield>
          </marc:datafield>
          <marc:datafield tag="655" ind1=" " ind2="7">
            <marc:subfield code="a">Kunsthandwerk</marc:subfield>
          </marc:datafield>
          <marc:datafield tag="046" ind1=" " ind2=" ">
            <marc:subfield code="k">1837</marc:subfield>
            <marc:subfield code="k">1837</marc:subfield>
          </marc:datafield>
          <marc:datafield tag="260" ind1=" " ind2=" ">
            <marc:subfield code="g">1837</marc:subfield>
            <marc:subfield code="g">1837</marc:subfield>
          </marc:datafield>
          <marc:datafield tag="300" ind1=" " ind2=" ">
            <marc:subfield code="a">Breite: 107 cm (Manualmulde)
Höhe: 85 cm
Höhe: 28,8 cm (Korpus)
Breite: 165 cm
Tiefe: 70 cm</marc:subfield>
          </marc:datafield>
          <marc:datafield tag="520" ind1=" " ind2=" ">
            <marc:subfield code="a">Tafelklavier mit Kniehebel, vorn gerundeten Ecken und 4 runden Beinen auf Messing-Rollen; Korpus vorn und an den Seiten gestuft mit Perlband, Deckel leicht überkragend, Beine gegliedert und kanneliert, hintere Beine an Schraubplatten, hinteres Deckelteil hochklappbar, Manualmulde mit 5 Blattwerk-Intarsien 2 Lyren und Muschelornament, Schloss, Parallelogramm-Notenständer, innen: "I. L. Sanne 1100"; weiße geschwungen geformte mit grüner Ziermalerei und Schrift versehene Schutzplatte: Muschel-Lyra, Kartusche, darin "I. L. Sanne Hamburg Anno 1837" (Kranichhaus. Museum des Landes Hadeln)

Aufschrift:
"Patent Joh[ann] Lud[wig] Sanne Fortepiano Fabrikant Hamburg" (in der Mitte eingelassenes Firmenschild)

Gebrauchsort:
Barnkrug (Drochtersen, Stade, Niedersachsen) (1940 aus dem Haus von der Reith in Barnkrug nach Ihlienworth gelangt)

Beschrieben in:
Sieghart Mohrmann, Ein Tafelklavier der Biedermeierzeit im Otterndorfer Kranichhaus, in: Jb der MvM 53 (1973), 227ff.

Beschrieben in:
Richard Tiensch, Museum im Kranichhaus Ein Rundgang, S.19

Literatur in Zusammenhang:
J. H. van der Meer, „Musikinstrumente : von der Antike bis zur Gegenwart. Bibliothek des Germanischen Nationalmuseums Nürnberg zur deutschen Kunst- und Kulturgeschichte ; N.F., 2“. Prestel, München, 1983. (S.248ff)</marc:subfield>
          </marc:datafield>
          <marc:datafield tag="650" ind1="1" ind2=" ">
            <marc:subfield code="a">Musikinstrument, Klangkörper &gt; Chordofon &gt; Tasteninstrument &gt; Klavier</marc:subfield>
          </marc:datafield>
          <marc:datafield tag="650" ind1="1" ind2=" ">
            <marc:subfield code="a">Tasteninstrumente</marc:subfield>
          </marc:datafield>
          <marc:datafield tag="773" ind1="0" ind2=" ">
            <marc:subfield code="t">Sammlung "Kulturerbe" im Kranichhaus</marc:subfield>
          </marc:datafield>
          <marc:datafield tag="852" ind1=" " ind2=" ">
            <marc:subfield code="a">Kranichhaus. Museum des Landes Hadeln</marc:subfield>
          </marc:datafield>
          <marc:datafield tag="852" ind1=" " ind2=" ">
            <marc:subfield code="a">Bezirk Altona</marc:subfield>
          </marc:datafield>
          <marc:datafield tag="" ind1=" " ind2=" ">
            <marc:subfield code="a">Namensnennung - Nicht kommerziell - Keine Bearbeitungen 4.0 International (CC BY-NC-ND 4.0)</marc:subfield>
          </marc:datafield>
        </marc:record>
      </metadata>
    </record>
  </GetRecord>
</OAI-PMH>
